000 00972nam a2200241Ia 4500
003 IN-BaIIA
008 211028s9999 xx 000 0 eng d
020 _a1-4020-0644-6
040 _cIIA Library
080 _a52(082.1)
_bASS-274
111 _aInternational Conference on New Quests in Stellar Astrophysics
_cMexico
_d2001 Mar. 26-30
_929600
245 0 _aNew quests in stellar astrophysics-the link between stars and cosmology
_bproceedings of the International conference held Puerto Vallarta, Mexico, 26-30 Mar 2001
_cedited by Miguel Chavez…[et al.]
260 _aDordrecht
_bKluwer Academic
_c2002
300 _aIxiv, 311p.
490 _aAstrophysics and space science library; v. 274
650 _aStars
650 _aStellar astrophysics
700 _aBressan, A., ed.
_929601
700 _aBuzzoni, A., ed.
_929602
700 _aChavez, Miguel, ed.
_929603
700 _aMayya, D., ed.
_929604
942 _cBK
999 _c16007
_d16007